000
00269nam a2200109 a 4500
005
20201002053445.0
008
180424s2017 000 spa d
020
_a
9789945194906
245
0
_a
Ciencias sociales 5 :.
260
_a
Santo Domingo,
_c
2017.
999
_c
46706
_d
46706
040
_a
DO-SdBNP